Katalog Plus
Bibliothek der Frankfurt UAS
Bald neuer Katalog: sichern Sie sich schon vorab Ihre persönlichen Merklisten im Nutzerkonto: Anleitung.

Proceedings of the Tenth International Workshop on Variability Modelling of Software-intensive Systems

Titel: Proceedings of the Tenth International Workshop on Variability Modelling of Software-intensive Systems
Verfasser:
Veröffentlicht: New York, NY : ACM, 2016
Umfang: 1 Online-Ressource (116 pages)
Format: E-Book
Sprache: Englisch
Schlagworte:
ISBN: 9781450340199
Buchumschlag
X
alg: 40465664
001A    $06055:26-06-17 
001B    $01999:19-03-26 $t23:08:38.000 
001D    $06055:26-06-17 
001U    $0utf8 
001X    $00 
002@    $0Oax 
002C    $aText $btxt $2rdacontent 
002D    $aComputermedien $bc $2rdamedia 
002E    $aOnline-Ressource $bcr $2rdacarrier 
003@    $0404656641 
004A    $A978-1-4503-4019-9 
007A    $0404656641 $aHEB 
007I    $0ACM-2866614 
009Q    $S0 $uhttp://portal.acm.org/toc.cfm?id=2866614 $xH 
010@    $aeng 
011@    $a2016 
013D    $RWissenschaftliche Literatur $RAufsatzsammlung $#Konferenzbericht $71071861417 $8Konferenzschrift [Tsz] $9359646190 
017B    $aZDB-15-ACM 
021A    $aProceedings of the Tenth International Workshop on Variability Modelling of Software-intensive Systems 
027A    $aVaMoS '16 
028A    $aSchaefer $BVerfasser $dIna $4aut 
033A    $pNew York, NY $nACM 
033E    $pNew York, NY $nACM 
034D    $a1 Online-Ressource (116 pages) 
044A    $aComputer science $N650 
045E    $c004 

lok: 40465664 3
101B    $029-06-17 $t15:11:35.000 
101C    $029-06-17 
101U    $0utf8 
145S/01 $a013 

exp: 40465664 3 1 #EPN
201B/01 $019-03-26 $t23:08:38.444 
201U/01 $0utf8 
203@/01 $01002195845 
208@/01 $a26-06-17 $bl 
209B/01 $a502 $x05 
209S/01 $S0 $uhttp://portal.acm.org/toc.cfm?id=2866614 $XH 

lok: 40465664 5

exp: 40465664 5 1 #EPN
201B/01 $019-03-26 $t23:08:38.451 
201U/01 $0utf8 
203@/01 $01002195853 
208@/01 $a26-06-17 $bl 
209S/01 $S0 $uhttp://portal.acm.org/toc.cfm?id=2866614 $XH 

lok: 40465664 8

exp: 40465664 8 1 #EPN
201B/01 $019-03-26 $t23:08:38.453 
201U/01 $0utf8 
203@/01 $01002195861 
208@/01 $a26-06-17 $bl 
209S/01 $S0 $uhttp://portal.acm.org/toc.cfm?id=2866614 $XH 

lok: 40465664 10

exp: 40465664 10 1 #EPN
201B/01 $019-03-26 $t23:08:38.457 
201U/01 $0utf8 
203@/01 $0100219587X 
208@/01 $a26-06-17 $bl 
209S/01 $S0 $uhttp://portal.acm.org/toc.cfm?id=2866614 $XH 

lok: 40465664 11

exp: 40465664 11 1 #EPN
201B/01 $019-03-26 $t23:08:38.459 
201U/01 $0utf8 
203@/01 $01002195888 
208@/01 $a26-06-17 $bl 
209S/01 $S0 $uhttp://portal.acm.org/toc.cfm?id=2866614 $XH 

lok: 40465664 20

exp: 40465664 20 1 #EPN
201B/01 $019-03-26 $t23:08:38.462 
201U/01 $0utf8 
203@/01 $01002195896 
208@/01 $a26-06-17 $bl 
209S/01 $S0 $uhttp://portal.acm.org/toc.cfm?id=2866614 $XH 

lok: 40465664 21

exp: 40465664 21 1 #EPN
201B/01 $019-03-26 $t23:08:38.464 
201U/01 $0utf8 
203@/01 $0100219590X 
208@/01 $a26-06-17 $bl 
209S/01 $S0 $uhttp://portal.acm.org/toc.cfm?id=2866614 $XH 

lok: 40465664 23

exp: 40465664 23 1 #EPN
201B/01 $019-03-26 $t23:08:38.477 
201U/01 $0utf8 
203@/01 $01002195918 
208@/01 $a26-06-17 $bl 
209S/01 $S0 $uhttp://portal.acm.org/toc.cfm?id=2866614 $XH 

lok: 40465664 25

exp: 40465664 25 1 #EPN
201B/01 $019-03-26 $t23:08:38.479 
201U/01 $0utf8 
203@/01 $01002195926 
208@/01 $a26-06-17 $bl 
209S/01 $S0 $uhttp://portal.acm.org/toc.cfm?id=2866614 $XH 

lok: 40465664 36

exp: 40465664 36 1 #EPN
201B/01 $019-03-26 $t23:08:38.485 
201C/01 $019-03-26 
201U/01 $0utf8 
203@/01 $01337736341 
208@/01 $a19-03-26 $bl 
209S/01 $S0 $uhttp://portal.acm.org/toc.cfm?id=2866614 $XH 

lok: 40465664 108

exp: 40465664 108 1 #EPN
201B/01 $019-03-26 $t23:08:38.487 
201C/01 $019-03-26 
201U/01 $0utf8 
203@/01 $0133773635X 
208@/01 $a19-03-26 $bl 
209S/01 $S0 $uhttp://portal.acm.org/toc.cfm?id=2866614 $XH 

lok: 40465664 204

exp: 40465664 204 1 #EPN
201B/01 $019-03-26 $t23:08:38.490 
201C/01 $019-03-26 
201U/01 $0utf8 
203@/01 $01337736368 
208@/01 $a19-03-26 $bl 
209S/01 $S0 $uhttp://portal.acm.org/toc.cfm?id=2866614 $XH 

lok: 40465664 205

exp: 40465664 205 1 #EPN
201B/01 $019-03-26 $t23:08:38.482 
201U/01 $0utf8 
203@/01 $01002195942 
208@/01 $a26-06-17 $bl 
209S/01 $S0 $uhttp://portal.acm.org/toc.cfm?id=2866614 $XH
LEADER 00000cam a22000002c 4500
001 404656641
003 DE-603
005 20260319230838.0
007 cr||||||||||||
008 170626s2016 xx |||| o| u10||u|eng c
020 |a 9781450340199 
035 |a (DE-599)HEB404656641 
040 |a DE-603  |b ger  |c DE-603  |d DE-603 
041 |a eng 
084 |a 004  |q DE-101  |2 sdnb 
100 1 |a Schaefer, Ina  |e Verfasser  |4 aut 
245 0 0 |a Proceedings of the Tenth International Workshop on Variability Modelling of Software-intensive Systems 
246 1 3 |a VaMoS '16 
264 1 |a New York, NY  |b ACM  |c 2016 
264 2 |a New York, NY  |b ACM 
300 |a 1 Online-Ressource (116 pages) 
336 |a Text  |b txt  |2 rdacontent 
337 |a Computermedien  |b c  |2 rdamedia 
338 |a Online-Ressource  |b cr  |2 rdacarrier 
655 7 |a Konferenzschrift  |2 gnd-content  |0 (DE-588)1071861417  |0 (DE-603)359646190 
856 |u http://portal.acm.org/toc.cfm?id=2866614  |x Verlag  |z kostenfrei 
912 |a ZDB-15-ACM 
924 1 |9 603  |a (DE-603)1002195845  |b DE-603  |c HES  |d d 
924 1 |9 603  |a (DE-603)1002195853  |b DE-603  |c HES  |d d 
924 1 |9 603  |a (DE-603)1002195861  |b DE-603  |c HES  |d d 
924 1 |9 603  |a (DE-603)100219587X  |b DE-603  |c HES  |d d 
924 1 |9 603  |a (DE-603)1002195888  |b DE-603  |c HES  |d d 
924 1 |9 603  |a (DE-603)1002195896  |b DE-603  |c HES  |d d 
924 1 |9 603  |a (DE-603)100219590X  |b DE-603  |c HES  |d d 
924 1 |9 603  |a (DE-603)1002195918  |b DE-603  |c HES  |d d 
924 1 |9 603  |a (DE-603)1002195926  |b DE-603  |c HES  |d d 
924 1 |9 603  |a (DE-603)1337736341  |b DE-603  |c HES  |d d 
924 1 |9 603  |a (DE-603)133773635X  |b DE-603  |c HES  |d d 
924 1 |9 603  |a (DE-603)1337736368  |b DE-603  |c HES  |d d 
924 1 |9 603  |a (DE-603)1002195942  |b DE-603  |c HES  |d d